00621nam a2200181 a 450000100100000000500170001000800410002702000150006804000250008308200190010810000330012724500430016026000990020330000200030250000670032265000240038965000260041300001899620200929165911.0100521nuuuuuuuuve r 000 p spa d a9806081706 aDO-SdBNPbspacBNPHU aV861.44bG939m1 aGuevara, Maximiliano,d1932-10aMirada y Rumbo /cMaximiliano Guevara. aCojedes, Venezuela :bInstituto Universitario de Tecnología Alonso Gamero (IUTAG),c[s. f.]. a35 p. ;c21 cm. aIncluye referencia biográfica del autor en la contracubierta 4aPoesía venezolana 4aLiteratura venezolana